| 000 | 00697nam a2200229Ia 4500 | ||
|---|---|---|---|
| 001 | 7251 | ||
| 003 | GE_BSU | ||
| 008 | 181216s||||||||xx |||||||||||||| ||und|| | ||
| 040 | _cGE_BSU | ||
| 080 | _a629.33(035.5) | ||
| 100 | _aБюссеин,Р. | ||
| 245 | _aАвтомобильный справочник. Том 2. | ||
| 245 | _cПод общ. ред. А.Н.Островцева, А.А.Липгарта. | ||
| 250 | _aПеревод с немецкого. | ||
| 260 | _aМ. | ||
| 260 | _bКрасный печатник. | ||
| 260 | _c1960. | ||
| 300 | _a973стр.с илл.26см. | ||
| 300 | _eтабл. | ||
| 653 | _aАвтомобильный справочник. | ||
| 942 | _cBK | ||
| 999 |
_c40624 _d40624 |
||